|
|
|
|
| LEADER |
00000nab a2200000 ar4500 |
| 001 |
vtls010664650 |
| 003 |
SK-MaSNL |
| 005 |
20260305040835.0 |
| 008 |
150331c20140325xo mr|p|||||||000 b|slo |
| 038 |
|
|
|a SNSK
|
| 040 |
|
|
|b slo
|c SNSK
|e AACR2
|
| 041 |
|
|
|a slo
|
| 044 |
|
|
|a xo
|c SK
|
| 080 |
|
|
|a 711.73
|x (437.6)
|2 2001
|
| 080 |
|
|
|a 624.191
|2 2001
|
| 080 |
|
|
|a 614.8.069
|2 2001
|
| 080 |
|
|
|a 331.46
|2 2001
|
| 245 |
0 |
0 |
|a Úsek má byť o rok
|b prerazili tunel
|c [autor](šim)
|
| 300 |
|
|
|b Fotogr.
|
| 650 |
0 |
7 |
|a diaľnice
|2 snsk
|9 14603
|
| 650 |
0 |
7 |
|a nešťastia
|2 snsk
|9 1093550
|
| 650 |
0 |
7 |
|a pracovné úrazy
|2 snsk
|9 1713
|
| 651 |
|
7 |
|a Šibenik (Slovensko : tunel)
|2 snsk
|9 163997
|
| 651 |
|
7 |
|a Levoča (Slovensko : okres)
|2 snsk
|9 30131
|
| 773 |
0 |
|
|t Spišskonovoveský Korzár
|g Roč. III., č. 12 (25.3.2014), s. 1
|x 1338-841X
|
| 852 |
|
|
|a SNSK
|b KIS3GCP
|
| 999 |
|
|
|c 3340593
|d 3342523
|